Samāja, sāhitya o darśana. (Record no. 72502)

MARC details
000 -LEADER
fixed length control field 00662cam a22002411 4500
001 - CONTROL NUMBER
control field sa 67001273
003 - CONTROL NUMBER IDENTIFIER
control field DLC
005 - DATE AND TIME OF LATEST TRANSACTION
control field 20260227112321.0
008 - FIXED-LENGTH DATA ELEMENTS--GENERAL INFORMATION
fixed length control field 890914r1966uuuuii 000 0 beno
010 ## - LIBRARY OF CONGRESS CONTROL NUMBER
LC control number sa 67001273
035 ## - SYSTEM CONTROL NUMBER
System control number (OCoLC)20339699
040 ## - CATALOGING SOURCE
Original cataloging agency DLC
Transcribing agency WaU
Modifying agency DLC
042 ## - AUTHENTICATION CODE
Authentication code premarc
043 ## - GEOGRAPHIC AREA CODE
Geographic area code a-ii---
050 00 - LIBRARY OF CONGRESS CALL NUMBER
Classification number DS423
Item number .G28
100 1# - MAIN ENTRY--PERSONAL NAME
Personal name Ganguli, Hemanta Kumar.
245 10 - TITLE STATEMENT
Title Samāja, sāhitya o darśana.
260 ## - PUBLICATION, DISTRIBUTION, ETC.
Date of publication, distribution, etc. [1966]
300 ## - PHYSICAL DESCRIPTION
Extent 2, 164 p.
Dimensions 23 cm.
500 ## - GENERAL NOTE
General note In Bengali.
500 ## - GENERAL NOTE
General note Articles originally published in Āntarjātika and Khaṛadaha thānā samācāra.
651 #0 - SUBJECT ADDED ENTRY--GEOGRAPHIC NAME
Geographic name India
General subdivision Intellectual life.

No items available.

Powered by Koha